[Event "EIWCC 2017"]
[Site "Riga"]
[Date "2017.04.14"]
[Round "4"]
[White "Melia, Salome"]
[Black "Fuchs, Judith"]
[Result "1/2-1/2"]
[WhiteElo "2400"]
[BlackElo "2274"]
[Annotator "NA"]
[PlyCount "143"]
[EventDate "2017.??.??"]
[EventType "swiss"]
[EventCountry "LAT"]
[SourceTitle "playchess.com"]
[Source "ChessBase"]
[SourceQuality "1"]
[TimeControl "40/5400+30:1800+30"]

1. e4 {[%emt 0:00:00]} c5 {[%emt 0:00:09]} 2. Nf3 {[%emt 0:00:00]} d6 {[%emt 0:00:06]} 3. d4 {[%emt 0:00:00]} Nf6 {[%emt 0:00:20]} 4. Nc3 {[%emt 0:01:02]} cxd4 {[%emt 0:00:07]} 5. Nxd4 {[%emt 0:00:05]} g6 {[%emt 0:00:16]} 6. Be3 {[%emt 0:02:01]} a6 {[%emt 0:00:25]} 7. f3 {[%emt 0:01:51] B72: Sicilian Dragon: 6 Be3, lines with h3+Bc4 and sidelines} b5 {[%emt 0:00:13]} 8. Qd2 {[%emt 0:03:09]} Bb7 {[%emt 0:00:50]} 9. a4 {[%emt 0:08:24]} (9. g4 h6 10. O-O-O Nbd7 11. h4 Rc8 12. Bd3 b4 13. Nce2 e5 14. Nb3 d5 15. exd5 Nxd5 {1-0 (33) Caruana,F (2817)-Shabalov,A (2556) Saint Louis 2017}) 9... e5 {[%emt 0:00:32]} 10. Nb3 {[%emt 0:00:41]} b4 {[%emt 0:00:27]} 11. Nd5 {[%emt 0:12:05]} Nxd5 {[%emt 0:02:47]} 12. exd5 {[%emt 0:00:03]} Nd7 {[%emt 0:00:44]} 13. O-O-O {[%emt 0:13:39]} Rb8 {[%emt 0:06:20]} 14. f4 {[%emt 0:11:47]} Qc7 $146 {[%emt 0:24:33]} (14... Be7 15. fxe5 Nxe5 {1-0 (35) Kravtsiv,M (2581)-Zhou,Y (2414) Livigno 2012}) 15. Qxb4 {[%emt 0:08:14]} Bg7 {[%emt 0:07:12]} 16. Qa5 {[%emt 0:03:53]} Qc8 {[%emt 0:01:52]} 17. Qc3 {[%emt 0:04:37]} Qxc3 {[%emt 0:06:18]} 18. bxc3 {[%emt 0:00:04]} O-O {[%emt 0:00:57]} 19. Na5 {[%emt 0:02:33]} exf4 {[%emt 0:02:25]} 20. Ba7 {[%emt 0:04:12]} Bxc3 {[%emt 0:04:51]} 21. Bxb8 {[%emt 0:01:01]} Rxb8 {[%emt 0:00:26]} 22. Nxb7 {[%emt 0:07:01]} Rxb7 {[%emt 0:00:07]} 23. Bxa6 {[%emt 0:01:27]} Rb4 {[%emt 0:01:01]} 24. Bb5 {[%emt 0:04:33]} Nc5 {[%emt 0:01:14]} 25. Rdf1 {[%emt 0:05:01]} Nxa4 {[%emt 0:17:53]} 26. Bxa4 {[%emt 0:00:28]} Rxa4 {[%emt 0:00:03]} 27. Kd1 {[%emt 0:00:07]} Rd4+ {[%emt 0:04:59]} 28. Ke2 {[%emt 0:00:08]} Rxd5 {[%emt 0:03:37]} 29. Rxf4 {[%emt 0:00:53]} Rd2+ {[%emt 0:00:55]} 30. Kf3 {[%emt 0:00:19]} d5 {[%emt 0:03:21]} 31. Re1 {[%emt 0:02:40]} Kg7 {[%emt 0:06:28]} 32. Re2 {[%emt 0:00:14]} Rd1 {[%emt 0:00:17]} 33. Ra4 {[%emt 0:00:19]} Bd4 {[%emt 0:01:21]} 34. g3 {[%emt 0:03:32]} h5 {[%emt 0:01:27]} 35. h4 {[%emt 0:00:39]} Rf1+ {[%emt 0:01:41]} 36. Kg2 {[%emt 0:00:03]} Rg1+ {[%emt 0:00:07]} 37. Kh2 {[%emt 0:00:27]} Rd1 {[%emt 0:00:06]} 38. Ra3 {[%emt 0:01:08]} Bg1+ {[%emt 0:01:25]} 39. Kg2 {[%emt 0:00:12]} d4 {[%emt 0:01:12]} 40. Rf3 {[%emt 0:00:00]} Be3 {[%emt 0:00:34]} 41. Rf1 {[%emt 0:07:03]} Rxf1 {[%emt 0:09:14]} 42. Kxf1 {[%emt 0:01:52]} Kf6 {[%emt 0:03:07]} 43. Kg2 {[%emt 0:00:59]} Kf5 {[%emt 0:02:48]} 44. Kf3 {[%emt 0:00:51]} Bc1 {[%emt 0:02:42]} 45. Re4 {[%emt 0:06:11]} Bb2 {[%emt 0:00:55]} 46. Re7 {[%emt 0:00:08]} Kf6 {[%emt 0:01:34]} 47. Rb7 {[%emt 0:00:07]} Bc3 {[%emt 0:00:26]} 48. Ke4 {[%emt 0:00:17]} Ke6 {[%emt 0:00:44]} 49. Rb6+ {[%emt 0:00:33]} Ke7 {[%emt 0:00:53]} 50. Rc6 {[%emt 0:00:46]} Bb2 {[%emt 0:03:32]} 51. Rc5 {[%emt 0:03:14]} Ba1 {[%emt 0:00:27]} 52. Re5+ {[%emt 0:01:29]} Kf6 {[%emt 0:00:30]} 53. Re8 {[%emt 0:03:59]} Bb2 {[%emt 0:01:20]} 54. Kd5 {[%emt 0:01:44]} Bc3 {[%emt 0:03:09]} 55. Re4 {[%emt 0:00:08]} Bb2 {[%emt 0:01:30]} 56. Rxd4 {[%emt 0:04:34]} Bxd4 {[%emt 0:00:36]} 57. Kxd4 {[%emt 0:00:02]} Ke6 {[%emt 0:01:06]} 58. c4 {[%emt 0:02:55]} f6 {[%emt 0:02:10]} 59. Kc5 {[%emt 0:01:22]} g5 {[%emt 0:01:21]} 60. Kb6 {[%emt 0:01:06]} Kd7 {[%emt 0:00:49]} 61. c5 {[%emt 0:01:28]} gxh4 {[%emt 0:01:00]} 62. gxh4 {[%emt 0:00:12]} Kc8 {[%emt 0:00:10]} 63. Kc6 {[%emt 0:00:02]} f5 {[%emt 0:00:42]} 64. Kd5 {[%emt 0:00:05]} Kc7 {[%emt 0:00:14]} 65. Ke5 {[%emt 0:00:31]} Kc6 {[%emt 0:00:06]} 66. Kxf5 {[%emt 0:00:04]} Kxc5 {[%emt 0:00:02]} 67. Kg5 {[%emt 0:00:06]} Kd6 {[%emt 0:00:06]} 68. Kxh5 {[%emt 0:00:03]} Ke7 {[%emt 0:00:08]} 69. Kg6 {[%emt 0:00:04]} Kf8 {[%emt 0:00:04]} 70. h5 {[%emt 0:00:38]} Kg8 {[%emt 0:00:04]} 71. h6 {[%emt 0:00:07]} Kh8 {[%emt 0:00:02]} 72. h7 1/2-1/2

[Event "EIWCC 2017"]
[Site "Riga"]
[Date "2017.04.14"]
[Round "4"]
[White "Hoolt, Sarah"]
[Black "Lagno, Kateryna"]
[Result "1/2-1/2"]
[WhiteElo "2398"]
[BlackElo "2543"]
[Annotator "TA"]
[PlyCount "89"]
[EventDate "2017.??.??"]
[EventType "swiss"]
[EventCountry "LAT"]
[SourceTitle "playchess.com"]
[Source "ChessBase"]
[SourceQuality "1"]

{[%evp 27,89,23,18,0,16,6,0,-17,-12,-10,0,-38,-41,-50,-28,-29,-23,-20,0,-37,-20,-72,-83,-110,-107,-117,-118,-110,-24,-50,-47,-47,-58,-55,-44,-52,-58,-58,-46,-93,0,0,0,0,0,1,9,7,65,25,39,0,0,0,0,0,0,0,0,0,0,0,0,0]} 1. e4 e5 2. Nf3 Nc6 3. Bb5 {[%cal Bf1b5,Bb5a4,Ba4b3][%mdl 32]} a6 4. Ba4 Nf6 5. O-O b5 6. Bb3 Bc5 7. a4 Rb8 8. c3 d6 9. d4 Bb6 10. a5 {C78: Ruy Lopez: Archangelsk and Möller Defences} (10. axb5 axb5 11. Na3 O-O 12. Nxb5 Bg4 13. Bc2 exd4 14. Nbxd4 Nxd4 15. cxd4 Bxf3 16. gxf3 Nh5 17. Kh1 Qf6 18. Be3 c5 19. e5 Qe6 20. exd6 c4 21. b3 cxb3 22. Bxb3 Qxd6 {½-½ (74) Karjakin,S (2772)-Carlsen,M (2853) New York 2016}) 10... Ba7 11. h3 O-O 12. Be3 Ra8 13. Nbd2 h6 14. Re1 Re8 {LiveBook: 11 Games} 15. Bc2 Bb7 {[%cal Bc8b7,Bb7c6,Bc6d7][%mdl 32]} 16. d5 Ne7 17. Nh4 $146 (17. b4 Bxe3 18. Rxe3 Nexd5 19. exd5 Nxd5 {1-0 (31) Fedorchuk,S (2619)-Shirov,A (2719) Khanty-Mansiysk 2009}) 17... c6 18. dxc6 Bxc6 19. c4 Qc7 20. b3 Bd7 21. Bd3 b4 22. Nf1 Nc6 23. Bxa7 Rxa7 (23... Nxa7 $6 24. Ne3 $14) 24. Ne3 (24. Qd2 $11 {remains equal.}) 24... Nxa5 $17 25. Nd5 Nxd5 26. cxd5 Qb6 27. Re3 Qd8 (27... Rc8 $17 {And now ...Rc3 would win.} 28. Rg3 Kf8) 28. Nf5 Bxf5 $1 29. exf5 Nb7 30. Rxa6 Rxa6 31. Bxa6 Nc5 32. Bb5 Rf8 33. Rg3 Ne4 ({Black should try} 33... Qf6 $17 34. Qg4 Rb8) 34. Rg4 $11 Nf6 35. Rc4 $1 ({But not} 35. Rxb4 $2 Qa5 36. Rc4 (36. Qd2 $2 Rb8 37. Rd4 Qa1+ 38. Qd1 Qxd4 $19) 36... Qxb5 $19) 35... Qe7 36. Bc6 Rb8 37. Qd2 e4 (37... Nh5 $11) 38. Qd4 Qc7 39. Rxb4 Rxb4 {The position is equal.} 40. Qxb4 {[#] Black must now prevent Qd4.} Nxd5 41. Bxd5 Qc1+ 42. Kh2 Qf4+ 43. Kg1 ({Don't take} 43. g3 $2 Qxf2+ 44. Kh1 Qf1+ 45. Kh2 Qf2+ 46. Kh1 Qf1+ 47. Kh2 Qf2+ $19) 43... Qc1+ 44. Kh2 Qf4+ 45. Kg1 ({Don't capture} 45. g3 $2 Qxf2+ 46. Kh1 Qf1+ 47. Kh2 Qe2+ 48. Kg1 Qd1+ 49. Kf2 Qxd5 $19) 1/2-1/2

[Event "EIWCC 2017"]
[Site "Riga"]
[Date "2017.04.14"]
[Round "4"]
[White "Houska, Jovanka"]
[Black "Abdulla, Khayala"]
[Result "0-1"]
[WhiteElo "2397"]
[BlackElo "2241"]
[Annotator "NA"]
[PlyCount "127"]
[EventDate "2017.??.??"]
[EventType "swiss"]
[EventCountry "LAT"]
[SourceTitle "playchess.com"]
[Source "ChessBase"]
[SourceQuality "1"]
[TimeControl "40/5400+30:1800+30"]

1. d4 {[%emt 0:00:00]} Nf6 {[%emt 0:00:05]} 2. Nf3 {[%emt 0:00:00]} e6 {[%emt 0:00:15]} 3. c4 {[%emt 0:00:00]} d5 {[%emt 0:00:25]} 4. Nc3 {[%emt 0:00:04]} Bb4 {[%emt 0:00:20]} 5. cxd5 {[%emt 0:00:04]} Nxd5 {[%emt 0:06:48]} 6. Bd2 {[%emt 0:03:58]} O-O {[%emt 0:01:35]} 7. e4 {[%emt 0:01:50]} Nxc3 {[%emt 0:05:34]} 8. bxc3 {[%emt 0:01:17]} Be7 {[%emt 0:00:11]} 9. Bc4 {[%emt 0:05:19]} c5 {[%emt 0:02:51]} 10. O-O {[%emt 0:02:22]} Nc6 {[%emt 0:01:27]} 11. Be3 {[%emt 0:03:19]} b6 {[%emt 0:03:49]} 12. Qe2 {[%emt 0:05:07]} Bb7 {[%emt 0:06:41]} 13. Rfd1 {[%emt 0:03:45]} cxd4 {[%emt 0:01:44]} 14. cxd4 {[%emt 0:00:07]} Na5 {[%emt 0:01:34]} 15. Bd3 {[%emt 0:03:46]} Rc8 {[%emt 0:01:02]} 16. h3 {[%emt 0:13:45]} Nc6 {[%emt 0:06:11]} 17. a3 {[%emt 0:15:02]} Na5 {[%emt 0:02:17]} 18. Rdb1 {[%emt 0:13:47]} Bd6 {[%emt 0:06:37]} 19. Bd2 {[%emt 0:04:19]} Nc6 {[%emt 0:03:22]} 20. Ba6 {[%emt 0:02:21]} Bxa6 {[%emt 0:14:52]} 21. Qxa6 {[%emt 0:00:05]} Be7 {[%emt 0:00:25]} 22. Be3 {[%emt 0:02:08]} Bf6 {[%emt 0:05:52]} 23. Ra2 {[%emt 0:01:18]} Qd7 {[%emt 0:02:47]} 24. Qb5 {[%emt 0:05:28]} Rfd8 {[%emt 0:00:52]} 25. Rc2 {[%emt 0:01:33]} Qb7 {[%emt 0:05:49]} 26. Rbc1 {[%emt 0:06:55]} a6 {[%emt 0:00:55]} 27. Qh5 {[%emt 0:02:46]} Na5 {[%emt 0:05:06]} 28. Rxc8 {[%emt 0:01:28]} Rxc8 {[%emt 0:00:01]} 29. Rxc8+ {[%emt 0:00:10]} Qxc8 {[%emt 0:00:02]} 30. d5 {[%emt 0:01:38]} Nc4 {[%emt 0:02:34]} 31. Bg5 {[%emt 0:00:48]} Bb2 {[%emt 0:02:37]} 32. Bf4 {[%emt 0:00:39]} g6 {[%emt 0:03:19]} 33. Qh4 {[%emt 0:00:09]} exd5 {[%emt 0:00:40]} 34. exd5 {[%emt 0:00:24]} Qd7 {[%emt 0:01:28]} 35. Qg5 {[%emt 0:01:11]} Bxa3 {[%emt 0:01:25]} 36. h4 {[%emt 0:00:21]} Be7 {[%emt 0:00:50]} 37. Qh6 {[%emt 0:00:21]} Qxd5 {[%emt 0:01:11]} 38. Bc7 {[%emt 0:00:27]} b5 {[%emt 0:01:23]} 39. h5 {[%emt 0:00:53]} Qxh5 {[%emt 0:01:56]} 40. Qf4 {[%emt 0:00:00]} Qd5 {[%emt 0:00:33]} 41. Ne5 {[%emt 0:01:00]} Nxe5 {[%emt 0:04:14]} 42. Bxe5 {[%emt 0:00:08]} b4 {[%emt 0:03:43]} 43. g4 {[%emt 0:00:06]} b3 {[%emt 0:02:09]} 44. Bb2 {[%emt 0:00:49]} f6 {[%emt 0:05:30]} 45. Bxf6 {[%emt 0:04:18]} Qd1+ {[%emt 0:04:59]} 46. Kh2 {[%emt 0:00:10]} Bxf6 {[%emt 0:02:37]} 47. Qxf6 {[%emt 0:00:05]} Qxg4 {[%emt 0:01:09]} 48. Qxa6 {[%emt 0:00:37]} Qf4+ {[%emt 0:00:22]} 49. Kg2 {[%emt 0:00:33]} Qg4+ {[%emt 0:00:39]} 50. Kh2 {[%emt 0:00:05]} Qh5+ {[%emt 0:00:07]} 51. Kg3 {[%emt 0:01:17]} Qe5+ {[%emt 0:00:52]} 52. f4 {[%emt 0:06:40]} Qc3+ {[%emt 0:00:21]} 53. Kg4 {[%emt 0:00:20]} b2 {[%emt 0:00:36]} 54. Qa8+ {[%emt 0:00:33]} Kf7 {[%emt 0:00:26]} 55. Qd5+ {[%emt 0:07:21]} Ke7 {[%emt 0:00:09]} 56. Qe4+ {[%emt 0:00:15]} Kd6 {[%emt 0:00:11]} 57. Kg5 {[%emt 0:03:43]} Qc5+ {[%emt 0:00:51]} 58. Kh6 {[%emt 0:00:14]} Qc1 {[%emt 0:01:34]} 59. Qe5+ {[%emt 0:01:42]} Kc6 {[%emt 0:00:07]} 60. Qe6+ {[%emt 0:00:10]} Kc5 {[%emt 0:00:07]} 61. Qe5+ {[%emt 0:00:20]} Kc4 {[%emt 0:00:33]} 62. Qe4+ {[%emt 0:00:18]} Kc3 {[%emt 0:00:18]} 63. Qf3+ {[%emt 0:00:18]} Kd4 {[%emt 0:00:23]} 64. Qf2+ {[%emt 0:02:21] Ke5} 0-1

[Event "EIWCC 2017"]
[Site "Riga"]
[Date "2017.04.14"]
[Round "4"]
[White "Zimina, Olga"]
[Black "Pogonina, Natalija"]
[Result "1-0"]
[WhiteElo "2395"]
[BlackElo "2478"]
[Annotator "TA"]
[PlyCount "89"]
[EventDate "2017.??.??"]
[EventType "swiss"]
[EventCountry "LAT"]
[SourceTitle "playchess.com"]
[Source "ChessBase"]
[SourceQuality "1"]

{[%evp 14,89,29,17,33,12,50,44,68,60,147,129,175,174,183,175,177,138,133,141,133,135,172,186,210,195,193,192,194,191,195,181,183,183,160,168,184,186,211,147,218,221,214,202,216,222,202,206,192,179,247,208,220,214,316,309,304,286,331,349,331,337,502,444,616,420,389,70,632,630,604,625,908,908,934,930,913,901]} 1. e4 e5 2. Nf3 Nc6 3. d4 exd4 4. Nxd4 Bc5 5. Nxc6 bxc6 6. Bd3 Ne7 7. O-O {C45: Scotch Game} O-O 8. Nc3 {LiveBook: 6 Games} (8. Nd2 a5 9. Qh5 d6 10. e5 g6 11. Qh4 Bf5 12. Ne4 Bxe4 13. Qxe4 Nd5 14. exd6 cxd6 {0-1 (65) Yu,Y (2675)-Le,Q (2712) Dubai 2014}) 8... Ng6 9. Na4 {White is slightly better.} Be7 $146 (9... Bb6 10. Nxb6 cxb6 11. f4 d5 12. Qf3 Bb7 13. exd5 cxd5 14. Qh5 Qh4 15. Bxg6 {1-0 (15) Solberg,J (2130)-Rasmussen,E (1329) Karasjok 2005}) 10. f4 d5 11. Be3 d4 (11... Qe8 $14) 12. Bd2 $16 c5 13. Qh5 Qd6 14. b3 Ba6 {[#]} 15. Qxc5 $1 {[%mdl 512]} Qxc5 16. Nxc5 Bxd3 17. Nxd3 f5 18. Rae1 h5 19. exf5 Rxf5 20. Re4 Rd8 21. Rfe1 Kf7 22. Ne5+ Nxe5 23. Rxe5 ({Stronger than} 23. fxe5 Ke6 $11) 23... Rxe5 24. Rxe5 $18 {[%mdl 4096] Endgame KRB-KRB} ({Don't play} 24. fxe5 $6 Ke6 $11) 24... d3 25. c4 ({Don't take} 25. Rxh5 $2 dxc2 26. Rf5+ Kg6 $19) 25... g6 26. Kf1 c6 (26... Bf6 $16) 27. f5 Rd7 28. fxg6+ Kxg6 29. Re6+ Kf5 30. Rxc6 Bd6 {[#]} 31. g3 $1 {[%cal Bg2g3,Bg3h4,Bh4h5,Bh5h6,Bh6h7][%mdl 32]} h4 (31... Ke4 $142 32. Ke1 Kd4) 32. c5 Be5 33. gxh4 Ke4 (33... Rg7 {was worth a try.} 34. Rc8 Ke4) 34. Rg6 Rf7+ 35. Ke1 Bd4 36. c6 Bf2+ 37. Kd1 Bb6 (37... Bc5 $142 38. Rg4+ Kd5) 38. h5 Rf2 39. Rg4+ Kd5 40. c7 $2 ({White should try} 40. Bg5 $18) 40... Rf1+ $2 {[%mdl 8192]} (40... Bxc7 $14 41. Be3 Rxh2) 41. Be1 {White is clearly winning.} Bxc7 {intending ...Bf4.} 42. h6 Bxh2 43. h7 Be5 44. Rg5 Rh1 {[#]} 45. Rxe5+ $1 {[%mdl 512]} 1-0

[Event "EIWCC 2017"]
[Site "Riga"]
[Date "2017.04.14"]
[Round "4"]
[White "Bulmaga, Irina"]
[Black "Drljevic, Ljilja"]
[Result "1-0"]
[WhiteElo "2394"]
[BlackElo "2237"]
[Annotator "NA"]
[PlyCount "77"]
[EventDate "2017.??.??"]
[EventType "swiss"]
[EventCountry "LAT"]
[SourceTitle "playchess.com"]
[Source "ChessBase"]
[SourceQuality "1"]
[TimeControl "40/5400+30:1800+30"]

1. e4 {[%emt 0:00:00]} g6 {[%emt 0:00:02]} 2. d4 {[%emt 0:00:00]} Bg7 {[%emt 0:00:06]} 3. Nc3 {[%emt 0:00:00]} d6 {[%emt 0:00:21]} 4. Be3 {[%emt 0:00:01]} a6 {[%emt 0:00:34]} 5. Qd2 {[%emt 0:00:18]} b5 {[%emt 0:00:54]} 6. f3 {[%emt 0:00:09]} Nd7 {[%emt 0:00:43]} 7. O-O-O {[%emt 0:00:29]} Bb7 {[%emt 0:00:54]} 8. h4 {[%emt 0:00:16]} h6 {[%emt 0:00:47]} 9. Nh3 {[%emt 0:00:43]} Rc8 {[%emt 0:02:26]} 10. d5 {[%emt 0:07:09]} c5 {[%emt 0:04:24]} 11. dxc6 {[%emt 0:01:01]} Rxc6 {[%emt 0:00:48]} 12. Bd4 {[%emt 0:03:51]} e5 {[%emt 0:03:10]} 13. Be3 {[%emt 0:00:50]} Ne7 {[%emt 0:10:35]} 14. g4 {[%emt 0:09:49]} Nb6 {[%emt 0:09:42]} 15. a3 {[%emt 0:05:16]} Qc8 {[%emt 0:08:55]} 16. Nf2 {[%emt 0:16:59]} h5 {[%emt 0:30:58]} 17. Kb1 {[%emt 0:02:00]} hxg4 {[%emt 0:01:29]} 18. fxg4 {[%emt 0:00:47]} Rxc3 {[%emt 0:09:44]} 19. Bxb6 {[%emt 0:01:11]} Rc6 {[%emt 0:00:51]} 20. Ba5 {[%emt 0:05:48]} g5 {[%emt 0:05:51]} 21. Qxg5 {[%emt 0:05:55]} Rxc2 {[%emt 0:03:37]} 22. Qxg7 {[%emt 0:00:47]} Rg8 {[%emt 0:00:19]} 23. Qf6 {[%emt 0:00:25]} Rxf2 {[%emt 0:01:28]} 24. Qxf2 {[%emt 0:00:08]} Bxe4+ {[%emt 0:00:17]} 25. Bd3 {[%emt 0:00:55]} Bxh1 {[%emt 0:00:27]} 26. Rxh1 {[%emt 0:00:10]} Qxg4 {[%emt 0:00:29]} 27. Qb6 {[%emt 0:01:40]} f5 {[%emt 0:02:23]} 28. Qxd6 {[%emt 0:03:41]} Qf3 {[%emt 0:01:12]} 29. Rf1 {[%emt 0:02:05]} Qh3 {[%emt 0:00:43]} 30. Bb4 {[%emt 0:01:15]} Rg7 {[%emt 0:00:44]} 31. Re1 {[%emt 0:00:45]} e4 {[%emt 0:00:30]} 32. Bc2 {[%emt 0:01:06]} Qxh4 {[%emt 0:00:32]} 33. Qb8+ {[%emt 0:02:01]} Kf7 {[%emt 0:00:07]} 34. Bb3+ {[%emt 0:00:13]} Kg6 {[%emt 0:00:21]} 35. Rg1+ {[%emt 0:00:29]} Kh7 {[%emt 0:00:30]} 36. Rxg7+ {[%emt 0:00:08]} Kxg7 {[%emt 0:00:20]} 37. Qe5+ {[%emt 0:01:09]} Kf8 {[%emt 0:00:50]} 38. Bxe7+ {[%emt 0:00:08]} Qxe7 {[%emt 0:00:10]} 39. Qh8# {[%emt 0:00:07]} 1-0

[Event "EIWCC 2017"]
[Site "Riga"]
[Date "2017.04.14"]
[Round "4"]
[White "Ziaziulkina, Nastassia"]
[Black "Toma, Katarzyna"]
[Result "1/2-1/2"]
[WhiteElo "2387"]
[BlackElo "2229"]
[Annotator "NA"]
[PlyCount "92"]
[EventDate "2017.??.??"]
[EventType "swiss"]
[EventCountry "LAT"]
[SourceTitle "playchess.com"]
[Source "ChessBase"]
[SourceQuality "1"]
[TimeControl "40/5400+30:1800+30"]

1. e4 {[%emt 0:00:00]} d6 {[%emt 0:00:06]} 2. d4 {[%emt 0:00:18]} Nf6 {[%emt 0:00:08]} 3. Nc3 {[%emt 0:00:27]} e5 {[%emt 0:00:11]} 4. Nf3 {[%emt 0:00:43]} Nbd7 {[%emt 0:00:12]} 5. Bc4 {[%emt 0:00:08]} Be7 {[%emt 0:00:27]} 6. O-O {[%emt 0:00:09]} O-O {[%emt 0:00:11]} 7. a4 {[%emt 0:03:30]} a5 {[%emt 0:00:23]} 8. Re1 {[%emt 0:01:17]} c6 {[%emt 0:00:17]} 9. h3 {[%emt 0:01:12]} h6 {[%emt 0:01:57]} 10. Ba2 {[%emt 0:02:00]} Qc7 {[%emt 0:00:47]} 11. Be3 {[%emt 0:00:48]} Re8 {[%emt 0:01:07]} 12. Nd2 {[%emt 0:00:42]} Nf8 {[%emt 0:10:03]} 13. Nc4 {[%emt 0:02:48]} Ra6 {[%emt 0:01:05]} 14. Qf3 {[%emt 0:11:13]} Ng6 {[%emt 0:05:48]} 15. Rad1 {[%emt 0:02:26]} Bd7 {[%emt 0:08:20]} 16. dxe5 {[%emt 0:09:23]} dxe5 {[%emt 0:02:15]} 17. Bb6 {[%emt 0:03:30]} Rxb6 {[%emt 0:13:12]} 18. Nxb6 {[%emt 0:02:07]} Qxb6 {[%emt 0:01:56]} 19. Rxd7 {[%emt 0:02:23]} Nh4 {[%emt 0:01:53]} 20. Qd3 {[%emt 0:02:19]} Nxd7 {[%emt 0:00:17]} 21. Qxd7 {[%emt 0:00:08]} Kf8 {[%emt 0:01:42]} 22. Bb3 {[%emt 0:15:16]} Rd8 {[%emt 0:03:28]} 23. Qg4 {[%emt 0:00:07]} Qc7 {[%emt 0:03:24]} 24. g3 {[%emt 0:06:59]} Ng6 {[%emt 0:00:05]} 25. Re3 {[%emt 0:00:16]} Qd7 {[%emt 0:04:49]} 26. Qe2 {[%emt 0:08:25]} Qxh3 {[%emt 0:03:55]} 27. Rf3 {[%emt 0:00:28]} Bf6 {[%emt 0:03:47]} 28. Rf5 {[%emt 0:01:37]} Rd4 {[%emt 0:12:15]} 29. Bc4 {[%emt 0:08:31]} h5 {[%emt 0:04:44]} 30. Rxh5 {[%emt 0:02:48]} Qd7 {[%emt 0:00:05]} 31. Bb3 {[%emt 0:01:01]} b6 {[%emt 0:01:53]} 32. Qf3 {[%emt 0:04:14]} Rd2 {[%emt 0:02:05]} 33. Rf5 {[%emt 0:00:18]} Qd6 {[%emt 0:03:57]} 34. Qh5 {[%emt 0:00:52]} Qd7 {[%emt 0:03:19]} 35. g4 {[%emt 0:03:52]} Nf4 {[%emt 0:02:28]} 36. Qh8+ {[%emt 0:00:10]} Ke7 {[%emt 0:00:05]} 37. g5 {[%emt 0:00:36]} Qd4 {[%emt 0:00:20]} 38. gxf6+ {[%emt 0:00:49]} Kd7 {[%emt 0:00:05]} 39. Qh4 {[%emt 0:04:21]} g5 {[%emt 0:01:04]} 40. Qg3 {[%emt 0:00:00]} Rd1+ {[%emt 0:02:43]} 41. Kh2 {[%emt 0:03:38]} Rd2 {[%emt 0:02:14]} 42. Nd1 {[%emt 0:11:59]} Rxd1 {[%emt 0:04:00]} 43. Qe3 {[%emt 0:05:59]} Rh1+ {[%emt 0:09:18]} 44. Kxh1 {[%emt 0:00:14]} Qd1+ {[%emt 0:00:06]} 45. Kh2 {[%emt 0:00:04]} Qh5+ {[%emt 0:00:12]} 46. Kg1 {[%emt 0:00:10]} Qd1+ {[%emt 0:00:37]} 1/2-1/2

[Event "EIWCC 2017"]
[Site "Riga"]
[Date "2017.04.14"]
[Round "4"]
[White "Charochkina, Daria"]
[Black "Zawadzka, Jolanta"]
[Result "1/2-1/2"]
[WhiteElo "2381"]
[BlackElo "2449"]
[Annotator "TA"]
[PlyCount "101"]
[EventDate "2017.??.??"]
[EventType "swiss"]
[EventCountry "LAT"]
[SourceTitle "playchess.com"]
[Source "ChessBase"]
[SourceQuality "1"]

{[%evp 8,101,27,22,19,22,23,8,29,25,33,34,27,29,28,24,32,24,35,34,56,60,81,26,29,0,0,-10,0,-12,-11,-4,0,-2,0,-4,0,-9,47,-40,-43,-29,-38,-26,0,-17,0,-17,-18,-38,-38,-76,-82,-68,-26,-54,0,-40,-50,-56,38,27,27,25,39,34,33,37,33,0,0,0,8,13,80,72,122,122,292,255,231,122,395,393,379,365,732,679,597,540,524,0,500,0,414,0]} 1. d4 d5 2. c4 e6 3. Nc3 a6 4. cxd5 exd5 5. Bf4 {LiveBook: 115 Games. D31: Queen's Gambit Declined: Semi-Slav without ...Nf6 (+ Marshall Gambit and Noteboom) and Exchange Variation lines without ...Nf6} ({But not} 5. e4 dxe4 6. Bc4 (6. Nxe4 Qe7 7. Qe2 Bf5 $15) 6... Nc6 $15) 5... Nf6 6. e3 Bd6 7. Bg5 {White has an edge.} Be6 8. Bd3 Nbd7 9. Nge2 h6 10. Bh4 Qe7 $146 (10... c6 11. f3 Nf8 12. e4 dxe4 13. fxe4 {0-1 (71) Riazantsev,A (2708)-Inarkiev,E (2680) Khanty-Mansiysk 2013}) 11. h3 Nb6 12. Qc2 g5 13. Bg3 Nh5 14. Bxd6 Qxd6 15. O-O-O ({Better is} 15. Nc1 $16) 15... O-O-O $11 16. g4 Ng7 17. f4 Bd7 18. e4 dxe4 19. Nxe4 Qe7 20. f5 {And now f6 would win.} Ne8 21. N2c3 Nf6 22. Rhe1 Nxe4 (22... Rhe8 $11) 23. Nxe4 (23. Bxe4 $14 Qd6 24. Qg2) 23... Ba4 $15 24. b3 {aiming for Nc5.} Bc6 25. Qc5 Qd7 26. Bc2 Bxe4 27. Rxe4 Nd5 28. Rde1 Kb8 29. Re5 f6 30. Re6 Rh7 31. Kb1 Rf7 (31... c6 $1 $15) 32. b4 Qb5 33. Qxb5 Nc3+ (33... axb5 $15 34. Re8 Rf8 35. Rxd8+ Rxd8) 34. Kb2 $14 Nxb5 35. Re8 $36 {[%mdl 2048] White is more active.} Rfd7 36. R1e6 Rxe8 37. Rxe8+ {[%mdl 4096] Endgame KRB-KRN} Ka7 38. Rh8 Rxd4 39. a3 {[%cal Ba2a3,Ba3a4][%mdl 32]} Rd2 {White must now prevent ...Rh2.} 40. a4 Nd4 (40... Na3 $11 {remains equal.} 41. Kxa3 Rxc2) 41. Kc3 $16 Rxc2+ 42. Kxd4 {KR-KR} b5 $2 (42... Rc6 $16) 43. axb5 $1 $18 ({Weaker is} 43. Rxh6 bxa4 44. Rxf6 a3 $11) 43... axb5 {[#]} 44. Rxh6 ({White must play} 44. Kd5 $1 $18) 44... Rc4+ $2 {[%mdl 8192] [#]} (44... Rc6 $16) 45. Kd5 $1 Rxb4 46. Rxf6 Rf4 $2 (46... Rb1 47. Rh6 b4) 47. Rc6 Kb7 48. Rc5 Kb6 49. Rc6+ Kb7 50. Rc5 Kb6 $1 51. Rc6+ $2 (51. Rc1 $18) 1/2-1/2